| 000 | 00911 a2200205 4500 | ||
|---|---|---|---|
| 003 | Nust | ||
| 005 | 20221117162826.0 | ||
| 010 | _a 90061030 | ||
| 020 | _a0672226952 : | ||
| 040 | _cNust | ||
| 082 | 0 | 0 | _a621.31924092,SEA |
| 100 | 1 |
_aSeale, Arthur C. _966661 |
|
| 245 | 1 | 0 |
_aElectrical wiring / _cArthur C. Seale, Jr. |
| 250 | _a1st ed. | ||
| 260 |
_a[Carmel, IN] : _bH.W. Sams & Co., _cc1990. |
||
| 300 |
_axiv, 274 p. : _bill. ; _c24 cm. |
||
| 505 | _aThe Electric Supply System (Page-1), Basic Electricity (Page-15), Electricity Entering The Home (Page-37), Wiring For The Home (Page-63), Wire And Hardware For The Home (Page-83), Installing Boxes And Cables (Page-115), Installing And Connecting, Fixtures And Receptacles (Page-133), Outdoor Home Wiring And Special Circuits (Page-169), Low Voltage Wiring Applications (Page-195). | ||
| 650 | 0 |
_aElectric wiring, Interior. _941218 |
|
| 942 |
_2ddc _cBK |
||
| 999 |
_c180995 _d180995 |
||